| 000 | 01304nam a2200277Ia 4500 | ||
|---|---|---|---|
| 999 |
_c54651 _d54651 |
||
| 001 | 21718 | ||
| 003 | GE_BSU | ||
| 005 | 20211221161506.0 | ||
| 008 | 181216s1955||||ge |||||||||||||| ||geo|| | ||
| 040 | _cGE_BSU | ||
| 041 | _ageo | ||
| 080 | _a811.353.1-8(075.3) შ-21 | ||
| 100 |
_aშანიძე, ა. _913329 |
||
| 245 |
_aქართული ენის გრამატიკა ნაწ. 1 : _bმორფოლოგია / _cა. შანიძე ; რედ. ჭ. თევზაძე. |
||
| 264 |
_aთბილისი : _bსტალინის სახ. თბილისის სახელმწ. უნ-ტის გამ-ბა, _c1955. |
||
| 300 |
_a329 გვ. ; _c24 სმ. |
||
| 440 |
_aძველი ქართული ენის კათედრის შრომები _913330 _v2 |
||
| 501 | _aპარალელური სათაური რუსულ ენაზე | ||
| 520 | _aპარალ. სათ. რუს. ენ. | ||
| 541 | _h3 ლ. | ||
| 653 | _aმორფოლოგია | ||
| 653 | _aქართული ენა | ||
| 653 | _aქართული ენის გრამატიკა | ||
| 700 |
_aთევზაძე, ჭ. _eრედაქტორი _913331 |
||
| 942 |
_cBK _2udc |
||